[Event "Maharashtra State-ch U25"]
[Site "Nasik"]
[Date "2018.08.09"]
[Round "2"]
[White "Pagay, Shail"]
[Black "Pimpalkhare, Vedant"]
[Result "0-1"]
[WhiteElo "1420"]
[BlackElo "1981"]
[PlyCount "95"]
[EventDate "2018.08.09"]
[EventType "swiss"]
[EventRounds "9"]
[EventCountry "IND"]
[SourceTitle "CBM 186 Extra"]
[Source "ChessBase"]
[SourceDate "2018.08.24"]
[SourceVersion "1"]
[SourceVersionDate "2018.08.24"]
[SourceQuality "1"]

1. c4 e6 2. Nc3 d5 3. b3 Nf6 4. g3 b6 5. Bg2 Bb7 6. Bb2 Be7 7. Nf3 0-0 8. 0-0 c5 9. d3 Na6 10. e3 dxc4 11. dxc4 Qe8 12. Qe2 Rd8 13. Rad1 Rxd1 14. Rxd1 Qa8 15. Nb5 Bc6 16. Nc3 Nb8 17. Nb5 a6 18. Na3 Nbd7 19. Nc2 b5 20. Nce1 Rd8 21. Qc2 Be4 22. Qe2 Bc6 23. Qc2 Nb6 24. Rxd8+ Qxd8 25. Bxf6 gxf6 26. Ng5 fxg5 27. Bxc6 bxc4 28. bxc4 Qd6 29. Bg2 Qd7 30. Nf3 Qa4 31. Qb3 Qb4 32. Ne5 Bf6 33. Nc6 Qxb3 34. axb3 Kf8 35. Kf1 Bc3 36. Ke2 a5 37. Kd3 Bb4 38. Nxb4 axb4 39. f4 gxf4 40. exf4 Ke7 41. h4 f5 42. Bf3 Nc8 43. Be2 Kf6 44. Bd1 Ne7 45. Bf3 e5 46. Ke3 h6 47. Kd3 Ng6 48. Ke3 0-1